Miami Heat Roster (2012-2013) - Statistics

General Stats
  • This quiz has been taken 1,953 times
  • The average score is 9 of 15
Answer Stats
Players % Correct
LeBron James
100%
Dwyane Wade
99%
Chris Bosh
97%
James Jones
88%
Mario Chalmers
84%
Ray Allen
74%
Udonis Haslem
70%
Norris Cole
64%
Shane Battier
63%
Mike Miller
59%
Joel Anthony
45%
Rashard Lewis
29%
Dexter Pittman
16%
Terrel Harris
6%
Josh Harrellson
3%
No matching quizzes found
Score Distribution
Percent of People with Each Score
Percentile by Number Answered
Your Score History
You have not taken this quiz